Avalon Bay. (2), Pověst potížistky /
Volné pokračování romantického příběhu kanadské autorky.
Uloženo v:
| Série: | Avalon Bay,
část 2 |
|---|---|
| Hlavní autor: | |
| Další autoři: | |
| Médium: | E-kniha |
| Jazyk: | Czech |
| Vydáno: |
Praha :
Baronet,
2023
|
| Vydání: | Vydání první |
| Témata: | |
| Příbuzné jednotky: | Z cyklu::
Avalon Bay |
| Tagy: |
Žádné tagy |
| LEADER | 02906nam a2200505 i 4500 | ||
|---|---|---|---|
| 001 | 311890 | ||
| 003 | CZ PrSKC | ||
| 005 | 20260601215713.0 | ||
| 007 | ta | ||
| 008 | 230404s2023 xr g 000 f cze | ||
| 015 | |a cnb003510490 | ||
| 020 | |a 9788026920441 |q (vázáno) | ||
| 035 | |a (OCoLC)1378696026 | ||
| 040 | |a ABG001 |b cze |e rda | ||
| 041 | 1 | |a cze |h eng | |
| 072 | 7 | |a 821.111-3 |x Anglická próza, anglicky psaná |2 Konspekt | |
| 080 | |a 821.111(71)-31 |2 MRF | ||
| 080 | |a (0:82-312.5) |2 MRF | ||
| 080 | |a (0:82-993) |2 MRF | ||
| 100 | 1 | |a Kennedy, Elle |7 ola2016904677 |4 aut | |
| 240 | 1 | 0 | |a Bad girl reputation. |l Česky |
| 245 | 1 | 0 | |a Avalon Bay. |n (2), |p Pověst potížistky / |c Elle Kennedy ; přeložila: Zuzana Ľalíková |
| 246 | 3 | 0 | |a Pověst potížistky |
| 250 | |a Vydání první | ||
| 264 | 1 | |a Praha : |b Baronet, |c 2023 | |
| 300 | |a 318 stran ; |c 21 cm | ||
| 336 | |a text |b txt |2 rdacontent | ||
| 337 | |a bez média |b n |2 rdamedia | ||
| 338 | |a svazek |b nc |2 rdacarrier | ||
| 500 | |a Přeloženo z angličtiny | ||
| 520 | 2 | |a Volné pokračování romantického příběhu kanadské autorky. |b Když se bývalá potížistka Genevieve Westová vrátí domů na pohřeb své matky, je odhodlaná držet se od svého bývalého přítele Evana Hartleyho co nejdál. Jejich vztah byl divoký. A vášnivý. Pořádně vášnivý. Na což se Genevieve zoufale snaží zapomenout. V malém přímořském městečku se však před Evanem utéct nedá. A sotva svého pohledného bývalého znovu spatří, Gen si uvědomí, že Evan je pořád stejně nezkrotný, sexy a neodolatelný jako kdysi. Tentokrát je však rozhodnutá chovat se slušně. Žádné večírky. Žádné hloupé chyby. Chce zůstat ve městě jen tak dlouho, aby pomohla otci v jeho firmě, jakmile si však najde na práci někoho jiného, Gen má v úmyslu co nejdřív zase odjet. Evan to vidí jinak. Ví, že k sobě patří, jen o tom musí přesvědčit i Genevieve, i kdyby to znamenalo, že musí změnit sám sebe. Nakladatelská anotace. Kráceno. | |
| 546 | |a Český text | ||
| 655 | 7 | |a kanadské romány (anglicky) |7 fd139325 |2 czenas | |
| 655 | 7 | |a milostné romány |7 fd132840 |2 czenas | |
| 655 | 7 | |a erotické romány |7 fd132211 |2 czenas | |
| 655 | 9 | |a Canadian fiction (English) |2 eczenas | |
| 655 | 9 | |a love novels |2 eczenas | |
| 655 | 9 | |a erotic novels |2 eczenas | |
| 700 | 1 | |a Ľalíková, Zuzana, |d 1987- |7 xx0144546 |4 trl | |
| 787 | 0 | 8 | |i Z cyklu: |t Avalon Bay |g 2 |
| 900 | |a ABA001 |b 21 | ||
| 044 | |a xr | ||
| 910 | |a RBIT002 | ||
| 998 | |d 371683 |a https://core.palmknihy.cz/api/books/371683/cover?sgwed9 |b https://core.palmknihy.cz/api/books/371683/cover/400?sgwed9 |c https://core.palmknihy.cz/api/books/371683/cover/50?sgwed9 |e 2027-05-24 |g 320 |i 9788026920441 |j https://core.palmknihy.cz/api/books/371683/preview.epub |l |q 49 |r 1 |s https://www.palmknihy.cz/kniha/371683 |t ebook |y 2023 |z 0 |v Avalon Bay |w 2 | ||
| 999 | |d 311888 | ||